Planeten in Film und Fernsehen - Statistiken

Allgemein
  • Dieses Quiz wurde 137 mal gespielt
  • Das Durchschnittsergebnis liegt bei 6 aus 15
Antwortstatistiken
Hint Antwort % Korrekt
Pandora Avatar
81%
Krypton Superman
77%
Endor Star Wars / Die Ewoks
67%
Melmak Alf
61%
Vulkan Star Trek
59%
Cybertron Transformers
56%
Ego Guardians of the Galaxy
43%
Arrakis Dune
41%
Titan Avengers
29%
Eternia He-Man
26%
Gallifrey Doctor Who
21%
Urectum Futurama
20%
Mongo Flash Gordon
15%
Irk Invader Zim
15%
Marklar South Park
15%
Keine übereinstimmenden Quizze gefunden
Verteilung der Resultate
Anzahl Personen mit jedem Resultat
Perzentil nach korrekt beantworteten Fragen
Ihre Resultats-Entwicklung
Sie haben dieses Quiz noch nicht gespielt